000 00646nam a2200217 i 4500
001 bg
100 1 _aLASOTA-MOSKALEWSKA, Alicja
245 1 0 _aPodstawy archeozoologii :
_bszczątki ssaków /
_cAlicja Lasota-Moskalewska.
260 _aWarszawa :
_bWydaw. Naukowe PWN,
_c1997.
300 _a231, [1] s. :
_bfot., rys., wykr. ;
_c24 cm.
504 _aBibliogr. s. 225-229. - Indeks.
650 9 _aSsaki
_xarcheologia
655 _aPodręczniki akademickie
020 _a8301122609
040 _cBPK
041 0 _apl
080 _a903/904::599(075.8)
920 _a83-01-12260-9
942 _cKS
008 s pl f |000 0 pol
999 _c36951
_d36951
856 _uhttp://koha.tu.koszalin.pl/cgi-bin/koha/opac-detail.pl?biblionumber=36951
_yKatalog online BPK